000 00869nas a2200277 4500
001 BR9705577
003 BR-BrBNA
005 20231205100641.0
007 ta
008 230509b bl.|||p| |||| 00| 00por d
040 _aBR-BrBNA
_bpor
_cBiblioteca Nacional de Agricultura
041 _a(Pt)
072 _aF04
100 1 _aSilva Filho, D.F. da
100 1 _aNoda, H.
100 1 _aClemente, C.R.
100 1 _aMachado, F.M.
245 1 _aEfeito da adubacao organica na producao de biomassa em quebra-pedra (Phyllanthus stipulatus, Euphorbiaceae)em Manaus, Amazonas, Brasil
650 _aEuphorbiaceae
650 _aPlanta Medicinal
650 _aADUBO ORGÂNICO
650 _aAmazonas
773 0 _tActa Amazonica (Brazil)
_xISSN 0044-5967
_g(Jun 1997), v. 27(2) p. 73-80
_wBR9705577
909 _a202311
_bLúcia
_c55
_dLúcia Elande
942 _2AGRIS
_n0
_cANA
999 _c157236
_d157236